| 000 | 00739nam a22002297a 4500 | ||
|---|---|---|---|
| 999 |
_c17640 _d17640 |
||
| 003 | OSt | ||
| 005 | 20190703123421.0 | ||
| 008 | 190703b ||||| |||| 00| 0 eng d | ||
| 020 | _a1559633913 | ||
| 020 | _a9781559633918 | ||
| 040 | _aSEKU | ||
| 050 |
_aGF 50 _b.E21 |
||
| 130 | _aEcosystems and Human Well-being : Scenarios, Volume 2. | ||
| 245 |
_aEcosystems and human well-being : _bfinding of the scenarios working group / _cEdited by Steve R. Carpenter...et al. |
||
| 260 |
_aWashington : _bIsland Press, _c2005. |
||
| 300 |
_a560 p. : _bill. |
||
| 504 | _aIncludes bibliographical references and index. | ||
| 650 | _aEcosystem | ||
| 650 | _aEcosystem assessment | ||
| 700 | _aCarpenter, Steve R. | ||
| 942 |
_2lcc _cGEN |
||